Vasantha sai satcharita / (Record no. 143354)

MARC details
000 -LEADER
fixed length control field 00520nam a22001697a 4500
010 ## - LCCN (DPL NO)
LC control number ENG-119585
020 ## - INTERNATIONAL STANDARD BOOK NUMBER
Terms of availability 270.00
International Standard Book Number 9789381008645
035 ## - SYSTEM CONTROL NUMBER
System control number EN-103117
037 ## - SOURCE OF ACQUISITION
Source of stock number/acquisition DBAD/PUB
082 ## - DEWEY DECIMAL CLASSIFICATION NUMBER
Classification number 230.35
245 ## - TITLE STATEMENT
Title Vasantha sai satcharita /
260 ## - PUBLICATION, DISTRIBUTION, ETC. (IMPRINT)
Place of publication, distribution, etc Tamil Nadu
Name of publisher, distributor, etc Mukthi Nilayam
Date of publication, distribution, etc 2010
270 ## - ADDRESS
Address Royapalayam Village B.O. Tirumangalam S.O. Madurai-Virudhunagar Road, Madurai Dt.
City Tamil Nadu
Postal code 625706
300 ## - PHYSICAL DESCRIPTION
Extent 237p.
Dimensions 22cm(pbk)
505 ## - FORMATTED CONTENTS NOTE
Formatted contents note vol-ii
942 ## - ADDED ENTRY ELEMENTS (KOHA)
Source of classification or shelving scheme Dewey Decimal Classification
Item type English Books
Classification part 230.35
Call number suffix VAS
Holdings
Withdrawn status Lost status Not for loan Collection code Home library Current library Date acquired Source of acquisition Cost, normal purchase price Full call number Barcode Copy number Cost, replacement price Koha item type
      Non-fiction Bawana Bawana 14/08/2017 DBAD/PUB 270.00 230.35 VAS EN-103117 1 270.00 English Books

© Delhi Public Library
Hit Counter
free hit counter